[Event "Let's Play Chess!"]
[Site "http://www.queenalice.com/game.php?id=1866227"]
[Date "2025.11.27"]
[Round "-"]
[White "Rasumichin"]
[Black "alterego"]
[Result "1-0"]
[WhiteElo "1653"]
[BlackElo "1536"]

1. e4 g6 2. d4 Bg7 3. Nf3 a6 4. Bd3 b5 5. Bd2 e6 6. e5 Ne7 7. b4 Bb7 8. Nc3 Nbc6
9. Qe2 O-O 10. Ng5 Nxd4 11. Qg4 f5 12. Qh3 Ndc6 13. Qxh7# 1-0

[Event "Let's Play Chess!"]
[Site "http://www.queenalice.com/game.php?id=1866228"]
[Date "2025.11.27"]
[Round "-"]
[White "alterego"]
[Black "Rasumichin"]
[Result "1-0"]
[WhiteElo "1482"]
[BlackElo "1684"]

1. d4 d5 2. c4 Nf6 3. c5 c6 4. g3 Bf5 5. b4 e6 6. Bg2 Nbd7 7. Nc3 a6 8. a4 b5 9.
a5 Be7 10. Nf3 h6 11. O-O Qc7 12. Bf4 Qb7 13. Ne5 O-O 14. Nxd7 Qxd7 15. Re1 Ng4
16. e4 dxe4 17. Nxe4 Rfd8 18. f3 Nf6 19. Nxf6+ Bxf6 20. Bd6 Bg5 21. f4 Bf6 22.
Ra3 Be7 23. Bxe7 Qxe7 24. Bxc6 Qf6 25. Bxa8 Rxa8 26. Qf3 Rd8 27. c6 Rxd4 28. c7
Rc4 29. Qa8+ Kh7 30. c8=Q Qd4+ 31. Kg2 Qb2+ 32. Kg1 Qd4+ 33. Ree3 Qd1+ 34. Kg2
Qd2+ 35. Kf3 Qd1+ 36. Re2 Qf1+ 37. Rf2 Qd1+ 38. Kg2 Be4+ 39. Qxe4+ Rxe4 40. Qc6
Rxb4 41. Raf3 Rc4 42. Qxa6 Qd5 43. Qa7 Kg8 44. a6 Rc8 45. Qb6 Kh7 46. Rb2 Qc4
47. a7 Qa4 48. Rfb3 Qc4 49. Rxb5 Qe4+ 50. Kh3 f5 51. Qa6 Rd8 52. Rb8 Rd7 53.
R2b6 Re7 54. a8=Q 1-0

[Event "AUTO-INT-3953"]
[Site "http://www.queenalice.com/game.php?id=1866309"]
[Date "2025.11.28"]
[Round "1"]
[White "Hovis"]
[Black "Rasumichin"]
[Result "1-0"]
[WhiteElo "1560"]
[BlackElo "1679"]

1. e4 e5 2. Nf3 Nc6 3. g3 Bc5 4. Qe2 d6 5. d3 Be6 6. Bd2 h6 7. Bg2 Nf6 8. O-O
Ng4 9. h3 Nf6 10. c3 b5 11. b4 Bb6 12. Na3 a6 13. Rac1 Bxa2 14. c4 Nd4 15. Nxd4
Bxd4 16. cxb5 axb5 17. Nxb5 Bb6 18. d4 Qd7 19. Rxc7 Bxc7 20. Rc1 Rc8 21. Bf1 O-O
22. Bc3 Bb6 23. Qxa2 Nxe4 24. dxe5 dxe5 25. Rc2 Rfe8 26. Kh2 Ng5 27. Qb1 Nf3+
28. Kg2 Ng5 29. g4 f5 30. Rd2 Qe6 31. Rd6 Qe7 32. Rxb6 Ne4 33. Qa2+ Kh7 34. Bd2
Nxd2 35. Qxd2 Red8 36. Nd6 f4 37. Bd3+ g6 38. Nxc8 Rxc8 39. Bxg6+ Kg7 40. Be4
Rc7 41. Rg6+ Kf8 42. Qd5 Qf7 43. Qd8+ Qe8 44. Qxc7 Qf7 45. Qd8+ Qe8 46. Qd6+ Kf7
47. Qf6# 1-0

[Event "AUTO-INT-3953"]
[Site "http://www.queenalice.com/game.php?id=1866310"]
[Date "2025.11.28"]
[Round "1"]
[White "Rasumichin"]
[Black "Hovis"]
[Result "1-0"]
[WhiteElo "1660"]
[BlackElo "1546"]

1. e4 e5 2. Nf3 Nc6 3. Bb5 a6 4. Ba4 b5 5. Bb3 Be7 6. d3 Nf6 7. h3 O-O 8. a3 Re8
9. Ng5 Nd4 10. Bxf7+ Kh8 11. Bxe8 Qxe8 12. Nc3 h6 13. Nd5 Nxd5 14. exd5 Bxg5 15.
Bxg5 hxg5 16. Qg4 Nxc2+ 17. Kd2 Nd4 18. Rhe1 Qf7 19. f3 d6 20. Qg3 Bb7 21. Qxg5
Re8 22. Re4 Nb3+ 23. Kc3 Nxa1 24. Rh4+ Kg8 25. b4 Bxd5 26. Kb2 Ba2 27. Kxa1 c5
28. Rg4 Kf8 29. Rh4 Qf6 30. Qxf6+ gxf6 31. Kxa2 cxb4 32. axb4 Kg7 33. g4 d5 34.
Kb3 e4 35. dxe4 d4 36. Rh5 Re5 37. Rxe5 fxe5 38. h4 d3 39. Kc3 a5 40. bxa5 b4+
41. Kxd3 b3 42. Kc3 b2 43. Kxb2 1-0

[Event "AUTO-INT-3953"]
[Site "http://www.queenalice.com/game.php?id=1866325"]
[Date "2025.11.28"]
[Round "1"]
[White "TammieM3ENF"]
[Black "Rasumichin"]
[Result "0-1"]
[WhiteElo "1392"]
[BlackElo "1678"]

1. d4 d5 2. c3 Nf6 3. e3 Bg4 4. f3 Bf5 5. e4 dxe4 6. fxe4 Nxe4 7. b4 e6 8. c4
Bxb4+ 9. Bd2 Qxd4 10. Nf3 Qxa1 11. g4 Bxd2+ 12. Nfxd2 Bg6 13. Nxe4 Bxe4 14. h4
Bxh1 15. g5 Qe5+ 16. Be2 Qe3 17. h5 Nc6 18. a4 O-O 19. a5 Nxa5 20. c5 Rad8 21.
Qc2 c6 22. Qc3 Qg1+ 23. Bf1 Bg2 24. Nd2 b6 25. cxb6 axb6 26. Nc4 Qxf1# 0-1

[Event "AUTO-INT-3953"]
[Site "http://www.queenalice.com/game.php?id=1866326"]
[Date "2025.11.28"]
[Round "1"]
[White "Rasumichin"]
[Black "TammieM3ENF"]
[Result "1-0"]
[WhiteElo "1664"]
[BlackElo "1408"]

1. e4 e5 2. Nf3 d6 3. d4 c5 4. d5 c4 5. Bxc4 f6 6. Nc3 f5 7. Bg5 Qd7 8. Qd2 fxe4
9. Bb5 Kf7 10. Bxd7 Bxd7 11. Nxe4 b5 12. Qa5 h6 13. Bh4 g5 14. Bg3 h5 15. Nfxg5+
Kg7 16. Qc7 Na6 17. Qxd7+ Ne7 18. Qxd6 h4 19. Bxe5+ Kg8 20. Nf6+ Kg7 21. Qxa6
Rh5 22. Nxh5+ Kg8 23. Qe6# 1-0

[Event "AUTO-INT-3953"]
[Site "http://www.queenalice.com/game.php?id=1866335"]
[Date "2025.11.28"]
[Round "1"]
[White "game"]
[Black "Rasumichin"]
[Result "0-1"]
[WhiteElo "1709"]
[BlackElo "1683"]

1. d4 d5 2. Nf3 Bg4 3. e3 Nc6 4. Bb5 Qd7 5. Qd3 h6 6. O-O e6 7. Ba4 Nf6 8. Ne5
Qd6 9. Nc3 a6 10. e4 dxe4 11. Nxe4 Nxe4 12. Nxc6 f5 13. Na5+ Kf7 14. f3 Nc5 15.
dxc5 Qxc5+ 16. Qe3 Qxa5 17. Bd7 Bc5 18. Bxe6+ Kf6 19. b4 Qxb4 20. Bd2 Bxe3+ 21.
Bxe3 Kxe6 22. fxg4 Qxg4 23. Rae1 Kf7 24. Rf4 Qg6 25. Ref1 Kf6 26. Bd4+ Ke6 27.
Rxf5 Qxf5 28. Rxf5 Kxf5 29. Bxg7 Rh7 30. Bd4 Rf7 31. Kf2 Ke4+ 32. Kg3 Rg8+ 0-1

[Event "AUTO-INT-3953"]
[Site "http://www.queenalice.com/game.php?id=1866336"]
[Date "2025.11.28"]
[Round "1"]
[White "Rasumichin"]
[Black "game"]
[Result "0-1"]
[WhiteElo "1700"]
[BlackElo "1705"]

1. e4 c5 2. Nf3 Nf6 3. Nc3 d6 4. Bc4 e5 5. h3 Be6 6. Bxe6 fxe6 7. Qe2 Be7 8. d3
Nc6 9. a3 Nd4 10. Nxd4 cxd4 11. Na4 Qa5+ 12. b4 Qxa4 13. Bb2 d5 14. O-O dxe4 15.
dxe4 O-O 16. Qd2 Nxe4 17. Qe2 Qc6 18. f3 Ng3 19. Qf2 Nxf1 20. Rxf1 a5 21. Qd2
axb4 22. axb4 Qb5 23. c3 d3 24. Kh2 e4 25. f4 Ra2 26. Rb1 Qc6 27. Qe3 Bd6 28. g3
Qxc3 29. Qf2 Qxb4 30. h4 Bc5 31. Qg2 Rd8 32. Kh3 e3 33. Qf3 Rxb2 34. Re1 Qxe1
35. Kg4 Qe2 0-1

[Event "Let's Play Chess!"]
[Site "http://www.queenalice.com/game.php?id=1867062"]
[Date "2025.12.14"]
[Round "-"]
[White "Ditto"]
[Black "Rasumichin"]
[Result "0-1"]
[WhiteElo "1403"]
[BlackElo "1658"]

1. e4 e5 2. Nf3 Nc6 3. Bc4 Bc5 4. d3 h6 5. c3 Nf6 6. b4 Bb6 7. h3 d6 8. O-O Bd7
9. Qb3 Qe7 10. a4 a5 11. b5 Nd8 0-1

[Event "AUTO-ADV-4914"]
[Site "http://www.queenalice.com/game.php?id=1868252"]
[Date "2026.1.21"]
[Round "1"]
[White "maurice916"]
[Black "Rasumichin"]
[Result "0-1"]
[WhiteElo "1881"]
[BlackElo "1606"]

1. Nf3 d5 2. b3 Nc6 3. Bb2 f6 4. e3 e5 5. d4 e4 6. Nfd2 Be6 7. Be2 Nge7 8. f3
Nf5 9. Nf1 Bd6 10. Bc1 Qe7 11. fxe4 Nh4 12. g3 Ng6 13. Bf3 dxe4 14. Bxe4 Bf7 15.
Bb2 Qxe4 16. Rg1 Bd5 17. Nc3 Qf3 18. Qxf3 Bxf3 19. Kf2 Bg4 20. Ne4 O-O-O 21.
Nxd6+ cxd6 22. c4 Nb4 23. a3 Nd3+ 24. Kg2 Nxb2 25. Rb1 Nd3 26. h3 Bf5 27. Rd1
Rhe8 28. Rd2 a6 29. g4 Be4+ 30. Kg3 Ne7 31. Nh2 f5 32. Nf3 g6 33. Rf1 Rf8 34. g5
f4+ 35. exf4 Nf5+ 36. Kg4 h5+ 37. gxh6 Nxh6+ 38. Kg3 Nf5+ 39. Kh2 Nxf4 40. Ng5
Ne3 41. Re1 Bf5 42. Rxe3 Rh8 43. Rf3 Nh5 44. Nf7 Rhf8 45. Nxd8 Rxd8 46. b4 b5
47. cxb5 axb5 48. Rc3+ Kd7 49. d5 Be4 50. Re3 Bf5 51. Rc3 Be4 52. Rd4 Re8 53.
Re3 Nf6 54. Rexe4 Nxe4 55. h4 Re5 56. Kg2 Nc3 57. Rg4 Re2+ 58. Kf3 Ra2 59. Rxg6
Nxd5 60. Ke4 Nc3+ 61. Kd4 Rxa3 62. h5 Ne2+ 63. Ke4 Nc3+ 64. Kf4 Nd5+ 65. Kf5
Nxb4 66. Rg7+ Kc6 67. Rg4 Nd5 68. Rh4 b4 69. h6 Ne7+ 70. Kg5 Rg3+ 71. Kf6 Nd5+
72. Kf7 Rf3+ 73. Kg6 Ne7+ 74. Kg7 Nf5+ 75. Kg6 Nxh4+ 76. Kg5 Nf5 77. Kg4 Nxh6+
78. Kxf3 b3 0-1

[Event "AUTO-ADV-4914"]
[Site "http://www.queenalice.com/game.php?id=1868253"]
[Date "2026.1.21"]
[Round "1"]
[White "Rasumichin"]
[Black "maurice916"]
[Result "0-1"]
[WhiteElo "1638"]
[BlackElo "1796"]

1. e4 c6 2. d4 d5 3. Nc3 dxe4 4. Nxe4 Nf6 5. Nxf6+ exf6 6. Be3 Bd6 7. Bc4 O-O 8.
Nf3 Bg4 9. h3 Bh5 10. g4 Bg6 11. Qd2 Re8 12. O-O-O Be4 13. Be2 Na6 14. h4 Nb4
15. a3 Nxc2 16. h5 Nxe3 17. fxe3 Rc8 18. Qc3 Qb6 19. Kd2 c5 20. Rhf1 cxd4 21.
Qxd4 Bc5 22. Qc4 Bxe3+ 23. Kc3 Rxc4+ 24. Bxc4 Bxf3 25. Rxf3 Bg5 26. Rd7 Re3+ 27.
Rxe3 Qxe3+ 28. Kb4 Qb6+ 29. Bb5 a6 30. a4 axb5 31. a5 Bd2+ 32. Rxd2 Qc7 33. Kxb5
Qc6+ 34. Kb4 h6 35. Rd8+ Kh7 36. b3 g6 37. hxg6+ fxg6 38. Ka3 Qc7 39. Rd4 Qxa5+
40. Kb2 Qc7 41. b4 b5 42. Rd5 Qb7 43. Rd1 h5 44. gxh5 gxh5 45. Rd4 Kh6 46. Rd6
Kg6 47. Rd2 Qe4 48. Rd6 Qxb4+ 0-1

[Event "AUTO-ADV-4914"]
[Site "http://www.queenalice.com/game.php?id=1868260"]
[Date "2026.1.21"]
[Round "1"]
[White "Rasumichin"]
[Black "EdsonEstevam"]
[Result "1-0"]
[WhiteElo "1629"]
[BlackElo "1790"]

1. e4 e5 2. Nf3 Nc6 3. d4 d5 4. exd5 Qxd5 5. Be2 h6 6. Nc3 Qd8 7. dxe5 Bb4 8.
Qxd8+ Nxd8 9. Bd2 Bf5 10. a3 Bc5 11. b4 Bd4 12. Nxd4 Bg6 13. Nd5 Be4 14. Nxc7+
Ke7 15. Nxa8 b6 16. Nc7 Kd7 17. Ndb5 Bxc2 18. Bg4+ Ke7 19. Rc1 Bd3 20. Nxa7 Nb7
21. Bf3 Nd8 22. b5 Ne6 23. Nc8+ Kd7 24. Nxb6+ Kd8 25. Nxe6+ fxe6 26. Rc8+ Ke7
27. Bb4+ Kf7 28. Kd2 Bxb5 29. Rf8+ Kg6 30. Nd7 Bxd7 31. Be4+ Kg5 32. Kd3 Ba4 33.
Bd2+ Kh5 34. h3 Bb5+ 35. Kd4 g5 36. g4+ Kh4 37. f3 Kg3 38. Be1+ Kg2 39. f4# 1-0

[Event "AUTO-ADV-4914"]
[Site "http://www.queenalice.com/game.php?id=1868261"]
[Date "2026.1.21"]
[Round "1"]
[White "EdsonEstevam"]
[Black "Rasumichin"]
[Result "1-0"]
[WhiteElo "1748"]
[BlackElo "1641"]

1. e4 e5 2. Nf3 Nc6 3. Nc3 Nd4 4. Nxe5 Qe7 5. f4 Nf6 6. Bc4 Ne6 7. Bxe6 Qxe6 8.
d3 d6 9. Nc4 Bd7 10. f5 Qe7 11. Bg5 h6 12. Bxf6 Qxf6 13. Nd5 Qh4+ 14. g3 Qd8 15.
Qf3 c6 16. Nf4 Be7 17. O-O-O Bg5 18. Nxd6+ Ke7 19. e5 Bxf5 20. h4 Bxf4+ 21. gxf4
Be6 22. Kb1 f6 23. Nxb7 Qb6 24. Nd6 Qa6 25. a3 f5 26. Rhg1 Rhg8 27. d4 Rab8 28.
Rd3 Bd5 29. Qg3 g5 30. hxg5 h5 31. g6 Rg7 32. Qg5+ Ke6 33. Qxf5+ Ke7 34. Qf6+
1-0

[Event "AUTO-INT-3958"]
[Site "http://www.queenalice.com/game.php?id=1868400"]
[Date "2026.1.25"]
[Round "1"]
[White "ajr"]
[Black "Rasumichin"]
[Result "0-1"]
[WhiteElo "1697"]
[BlackElo "1628"]

1. d4 d5 2. h3 Nf6 3. Nf3 Nc6 4. Bf4 h6 5. e3 Ne4 6. Bb5 Bd7 7. Ne5 Nxe5 8. Bxe5
Bxb5 9. a4 Bc6 10. Nc3 Nxc3 11. bxc3 e6 12. O-O f6 13. Bg3 Bd6 14. Bxd6 Qxd6 15.
Qg4 g5 16. Qh5+ Ke7 17. g3 a5 18. Qe2 h5 19. f4 g4 20. h4 f5 21. c4 b6 22. cxd5
Bxd5 23. Qd2 c5 24. c3 Bc4 25. Qg2 Bxf1 26. Kxf1 Qd5 27. Rb1 Qc4+ 28. Qe2 Qxe2+
29. Kxe2 cxd4 30. cxd4 Rab8 31. Rc1 Rhc8 32. Rd1 b5 33. axb5 Rxb5 34. Kd3 Rb3+
35. Ke2 Rc2+ 0-1

[Event "AUTO-INT-3958"]
[Site "http://www.queenalice.com/game.php?id=1868401"]
[Date "2026.1.25"]
[Round "1"]
[White "Rasumichin"]
[Black "ajr"]
[Result "0-1"]
[WhiteElo "1625"]
[BlackElo "1692"]

1. e4 c5 2. Nf3 d6 3. d4 cxd4 4. Nxd4 h6 5. Nc3 Nf6 6. Be2 a6 7. Be3 e5 8. Nf5
Bxf5 9. exf5 d5 10. O-O d4 11. Bd2 dxc3 12. Bxc3 Qxd1 13. Raxd1 Nc6 14. f3 Rd8
15. Rxd8+ Kxd8 16. Rd1+ Kc7 17. Bc4 Bb4 18. Bxb4 Nxb4 19. c3 Nc6 20. Bxf7 Rd8
21. Re1 Rd2 22. b4 Kd7 23. a4 Nd5 24. b5 axb5 25. axb5 Nce7 26. c4 Nf4 27. Be6+
Nxe6 28. fxe6+ Kxe6 29. c5 Kd5 30. f4 e4 31. g4 Ng6 32. f5 Nh4 33. c6 bxc6 34.
bxc6 Nf3+ 35. Kf1 Nxe1 36. Kxe1 Rxh2 37. c7 Rc2 38. Kd1 Rxc7 39. Kd2 Kd4 40. Ke2
Rc2+ 41. Kd1 Kd3 42. Ke1 e3 43. Kd1 e2+ 44. Ke1 Rc1+ 45. Kf2 e1=Q+ 46. Kf3 Qe3+
0-1

[Event "Challenge"]
[Site "http://www.queenalice.com/game.php?id=1869015"]
[Date "2026.2.7"]
[Round "-"]
[White "Rasumichin"]
[Black "dosoldini"]
[Result "0-1"]
[WhiteElo "1640"]
[BlackElo "1608"]

1. e4 e5 2. Nf3 Nc6 3. Bc4 h6 4. a3 Nf6 5. Nc3 a6 6. h3 Nh5 7. d3 Be7 8. Be3 Nf6
9. b4 b5 10. Bb3 a5 11. Nxb5 a4 12. Bc4 d5 13. exd5 Nxd5 14. Bd2 Be6 15. O-O e4
16. dxe4 Nf6 17. Re1 Bd6 18. Bxe6 fxe6 19. Bc3 O-O 20. e5 Nxe5 21. Nxe5 Nd5 22.
Bd4 Bxe5 23. Bxe5 Qh4 24. Qe2 Rf5 25. Nxc7 Nxc7 26. Bxc7 Raf8 27. f3 R5f6 28.
Bd6 Qd4+ 29. Kh2 Qxd6+ 30. Kh1 e5 31. Qc4+ Kh8 32. b5 Rg6 33. Qxa4 Qd5 34. Rf1
Rf4 35. b6 Rxa4 36. Rab1 Qb7 37. Rfe1 Rxb6 38. Ra1 Qd5 0-1

[Event "Escacs 219"]
[Site "http://www.queenalice.com/game.php?id=1869024"]
[Date "2026.2.8"]
[Round "-"]
[White "alterego"]
[Black "Rasumichin"]
[Result "1-0"]
[WhiteElo "1662"]
[BlackElo "1651"]

1. d4 d5 2. c4 dxc4 3. Nc3 e5 4. Nf3 h6 5. Nxe5 f6 6. Ng6 Rh7 7. Nxf8 Kxf8 8. g3
Bg4 9. Bg2 c6 10. b4 cxb3 11. Ba3+ Ne7 12. Qxb3 b5 13. O-O Qxd4 14. Rad1 Qb6 15.
Rd6 Na6 16. Rxc6 Qd8 17. Rxa6 Rc8 18. Nxb5 Bxe2 19. Re1 Qd2 20. Bb4 Qxe1+ 21.
Bxe1 Rc1 22. Qb4 g5 23. Re6 Bxb5 24. Qxb5 Ra1 25. Rxf6+ Rf7 26. Rxh6 Rxe1+ 27.
Bf1 Kg7 28. Qxg5+ Kf8 29. Rh8+ Ng8 30. Rxg8# 1-0

[Event "Escacs 220"]
[Site "http://www.queenalice.com/game.php?id=1869025"]
[Date "2026.2.8"]
[Round "-"]
[White "Rasumichin"]
[Black "alterego"]
[Result "0-1"]
[WhiteElo "1635"]
[BlackElo "1717"]

1. e4 g6 2. d4 Bg7 3. Nf3 a6 4. Nc3 b5 5. Be3 e6 6. Bd3 Ne7 7. e5 Nbc6 8. a3 Bb7
9. O-O O-O 10. Ng5 Nf5 11. Bxf5 exf5 12. Nd5 Na5 13. b4 Bxd5 14. bxa5 f6 15. Nf3
fxe5 16. Nxe5 d6 17. Nd3 Qh4 18. Nf4 Bc4 19. g3 Qe7 20. Re1 Rae8 21. c3 Qe4 22.
Qd2 Qf3 23. Qd1 Qe4 24. Bd2 Qc6 25. Qc2 Bh6 26. Ne6 Bxd2 27. Nxf8 Bxe1 28. Nxh7
Re2 29. Nf6+ Kf7 30. Qc1 Bxf2+ 0-1